Central Library OPAC University of Rajshahi

Prior information in linear models / (Record no. 51567)

MARC details
000 -LEADER
fixed length control field 00905nam a2200265 a 4500
001 - CONTROL NUMBER
control field 51567
003 - CONTROL NUMBER IDENTIFIER
rucl marc code BD-RjUL
005 - DATE AND TIME OF LATEST TRANSACTION
control field 20211209075700.0
008 - FIXED-LENGTH DATA ELEMENTS--GENERAL INFORMATION
fixed length control field 160831s1982 enka b 001 0 eng
020 ## - INTERNATIONAL STANDARD BOOK NUMBER
International Standard Book Number 0471099740 :
Terms of availability $41.00 (est.)
035 ## - SYSTEM CONTROL NUMBER
System control number (BD-RjUL)51687
040 ## - CATALOGING SOURCE
Original cataloging agency DLC
Transcribing agency DLC
Modifying agency BD-RjUL
Language of cataloging eng
041 ## - LANGUAGE CODE
Language code of text/sound track or separate title eng
082 00 - DEWEY DECIMAL CLASSIFICATION NUMBER
Classification number 519.5
Edition number 23
Author mark and year TOP 1982
100 1# - MAIN ENTRY--PERSONAL NAME
Personal name Toutenburg, Helge
9 (RLIN) 154137
245 10 - TITLE STATEMENT
Title Prior information in linear models /
Statement of responsibility, etc. Helge Toutenburg
260 ## - PUBLICATION, DISTRIBUTION, ETC. (IMPRINT)
Place of publication, distribution, etc. Chichester ;
-- New York :
Name of publisher, distributor, etc. Wiley,
Date of publication, distribution, etc. c1982
300 ## - PHYSICAL DESCRIPTION
Pagination ix, 215 p. :
Illustrations ill. ;
Size 24 cm.
500 ## - GENERAL NOTE
General note "A Wiley-Interscience publication."
504 ## - BIBLIOGRAPHY, ETC. NOTE
Bibliography, etc Bibliography: p. 207-212 and index
650 #0 - SUBJECT ADDED ENTRY--TOPICAL TERM
Topical term or geographic name as entry element Mathematical statistics.
9 (RLIN) 154139
Topical term or geographic name as entry element Linear models (Statistics)
9 (RLIN) 119621
942 ## - ADDED ENTRY ELEMENTS (KOHA)
Source of classification or shelving scheme Dewey Decimal Classification
Koha item type Books
Holdings
Lost status Source of classification or shelving scheme Damaged status Not for loan Collection code Permanent Location Current Location Shelving location Date acquired Source of acquisition Cost, normal purchase price Total Checkouts Full call number Date last seen Copy number Koha item type
  Dewey Decimal Classification     Non-fiction Central Library, University of Rajshahi Central Library, University of Rajshahi   15/09/1984 Toppan- tulip 47.25   519.5 TOP 1982 31/08/2016 C-2 Books
  Dewey Decimal Classification     Non-fiction Central Library, University of Rajshahi Central Library, University of Rajshahi   15/09/1984 Toppan- tulip 47.25   519.5 TOP 1982 31/08/2016 C-3 Books
  Dewey Decimal Classification     Non-fiction Central Library, University of Rajshahi Central Library, University of Rajshahi   15/09/1984 Toppan- tulip 47.25   519.5 TOP 1982 31/08/2016 C-4 Books
  Dewey Decimal Classification     Non-fiction Central Library, University of Rajshahi Central Library, University of Rajshahi   15/09/1984 Toppan- tulip 47.25   519.5 TOP 1982 31/08/2016 C-5 Books
  Dewey Decimal Classification     Non-fiction Central Library, University of Rajshahi Central Library, University of Rajshahi   15/09/1984 Topper Tulip 47.25   519.5 TOP 1982 03/10/2016 C-6 Books